000
00314nam a2200109Ia 4500
008
160531s9999 xx 000 0 und d
100
_a
Lu, Ru-Band.
245
_a
Effects of Antidepressants
245
_c
by Ru-Band Lu (ed.)
260
_c
2012
856
_u
http://www.intechopen.com/books/effects-of-antidepressants
999
_c
295482
_d
295482